El retiro del grupo Calvo y las deficiencias del modelo de desarrollo neoliberal

Na minha lista:
Detalhes bibliográficos
Formato: Texto
Assuntos:
Tags: Adicionar Tag
Sem tags, seja o primeiro a adicionar uma tag!

MARC

LEADER 00000 a a2200000 04500
001 6763
003
040
245 |a El retiro del grupo Calvo y las deficiencias del modelo de desarrollo neoliberal  
650 |a EMPRESAS TRANSNACIONALES  
650 |a POLITICA ARANCELARIA  
650 |a POLITICA LABORAL  
650 |a EL SALVADOR  
650 |a EUROPA  
773 |g volumen 27, número 1199; páginas 4-6  
999 |c 33100  |d 33100